Equity, trusts, specific relief / (Record no. 1503)
[ view plain ]
| 000 -LEADER | |
|---|---|
| fixed length control field | 00613nam a22002177a 4500 |
| 001 - CONTROL NUMBER | |
| control field | 11714 |
| 003 - CONTROL NUMBER IDENTIFIER | |
| control field | BD-DhUAP |
| 005 - DATE AND TIME OF LATEST TRANSACTION | |
| control field | 20200209112510.0 |
| 008 - FIXED-LENGTH DATA ELEMENTS--GENERAL INFORMATION | |
| fixed length control field | 200209r20021996 |||| |||| 001 0 eng d |
| 040 ## - CATALOGING SOURCE | |
| Original cataloging agency | BD-DhUAP |
| Language of cataloging | Eng |
| Transcribing agency | BD-DhUAP |
| Modifying agency | BD-DhUAP |
| 082 ## - DEWEY DECIMAL CLASSIFICATION NUMBER | |
| Edition number | 23 |
| Classification number | 346.54004 BAS |
| 100 ## - MAIN ENTRY--PERSONAL NAME | |
| Personal name | Basu, Durga Das. |
| 245 ## - TITLE STATEMENT | |
| Title | Equity, trusts, specific relief / |
| Statement of responsibility, etc. | Durga Das Basu. |
| 250 ## - EDITION STATEMENT | |
| Edition statement | 6th ed. |
| 260 ## - PUBLICATION, DISTRIBUTION, ETC. | |
| Place of publication, distribution, etc. | Kolkata : |
| Name of publisher, distributor, etc. | Kamal Law House, |
| Date of publication, distribution, etc. | 1996 [ Reprinted 2002]. |
| 300 ## - PHYSICAL DESCRIPTION | |
| Extent | xxvii, 366 pages ; |
| Dimensions | 23 cm. |
| 500 ## - GENERAL NOTE | |
| General note | Includes index. |
| 650 ## - SUBJECT ADDED ENTRY--TOPICAL TERM | |
| Topical term or geographic name entry element | Equity |
| Geographic subdivision | India. |
| 650 ## - SUBJECT ADDED ENTRY--TOPICAL TERM | |
| Topical term or geographic name entry element | Equity. |
| 942 ## - ADDED ENTRY ELEMENTS (KOHA) | |
| Source of classification or shelving scheme | |
| Koha item type | Book |
| Withdrawn status | Lost status | Source of classification or shelving scheme | Damaged status | Not for loan | Permanent Location | Current Location | Shelving location | Date acquired | Full call number | Barcode | Date last seen | Copy number | Price effective from | Koha item type | Total Checkouts | Total Renewals | Date last checked out |
|---|---|---|---|---|---|---|---|---|---|---|---|---|---|---|---|---|---|
| UAP Central Library | UAP Central Library | General Stacks | 2020-02-09 | 346.54004 BAS | 3010011714 | 2020-02-09 | 1 | 2020-02-09 | Book | ||||||||
| UAP Central Library | UAP Central Library | General Stacks | 2020-02-09 | 346.54004 BAS | 3010010420 | 2025-03-22 | 2 | 2020-02-09 | Book | 2 | 1 | 2025-03-09 | |||||
| UAP Central Library | UAP Central Library | General Stacks | 2020-02-09 | 346.54004 BAS | 3010009335 | 2020-02-09 | 3 | 2020-02-09 | Book | ||||||||
| UAP Central Library | UAP Central Library | General Stacks | 2020-02-09 | 346.54004 BAS | 3010010419 | 2020-02-09 | 4 | 2020-02-09 | Book | ||||||||
| UAP Central Library | UAP Central Library | General Stacks | 2020-02-09 | 346.54004 BAS | 3010010423 | 2020-02-09 | 5 | 2020-02-09 | Book | ||||||||
| UAP Central Library | UAP Central Library | General Stacks | 2020-02-09 | 346.54004 BAS | 3010009336 | 2024-11-26 | 6 | 2020-02-09 | Book | 3 | 2024-11-13 | ||||||
| UAP Central Library | UAP Central Library | General Stacks | 2020-02-09 | 346.54004 BAS | 3010010422 | 2020-02-09 | 7 | 2020-02-09 | Book | ||||||||
| UAP Central Library | UAP Central Library | General Stacks | 2020-02-09 | 346.54004 BAS | 3010010421 | 2020-02-09 | 8 | 2020-02-09 | Book | ||||||||
| UAP Central Library | UAP Central Library | General Stacks | 2020-02-09 | 346.54004 BAS | 3010013284 | 2023-03-01 | 9 | 2020-02-09 | Book | 1 | 2023-02-28 | ||||||
| UAP Central Library | UAP Central Library | Reserve Stacks | 2021-02-01 | 346.54004 BAS | 3010008355 | 2021-02-01 | 10 | 2021-02-01 | Book |
Bengali Keyboard